MATLAB con aplicaciones a la Ingeniería Física y Finanzas / David B ez López (Registro nro. 25797)
[ vista simple ]
| 000 -LÍDER | |
|---|---|
| fixed length control field | 00543nam a2200157 4500 |
| 020 ## - NÚMERO INTERNACIONAL NORMALIZADO PARA LIBROS | |
| ISBN | 970-15-1137-9 |
| 050 ## - SIGNATURA TOPOGRAFICA DE LA BIBLIOTECA DEL CONGRESO (LC) | |
| Número de Clasificación | QA297 B345 2006 |
| 082 ## - NUMERO DE CLASIFICACION DECIMAL DEWEY | |
| Número de Clasificación | 519.412 B116ma |
| 100 ## - ASIENTO PRINCIPAL--NOMBRE PERSONAL | |
| Nombre personal | B ez López, David |
| 245 ## - TÍTULO | |
| Título | MATLAB con aplicaciones a la Ingeniería Física y Finanzas / David B ez López |
| 250 ## - MENCIÓN DE EDICIÓN | |
| Mención de edición | 1 |
| 260 ## - PUBLICACIÓN, DISTRIBUCIÓN, ETC. (PIE DE IMPRENTA) | |
| Lugar de publicación, distribución, etc. | México : Alfaomega |
| 300 ## - DESCRIPCIÓN FÍSICA | |
| Extensión | 445p. / 23 cm. |
| 500 ## - NOTA GENERAL | |
| Nota general | Incluye ap‚ndice |
| 650 ## - ASIENTO SECUNDARIO DE MATERIA - TERMINO TEMÁTICO | |
| Término temático o nombre geográfico como elemento de entrada | 1. MATLAB (PROGRAMA PARA COMPUTADORA) / 2. ANÁLISIS NUMERICO-PROCESAMIENTO DE DATOS / 3. MATEMÁTICAS-PROCESAMIENTO DE DATOS |
| No. biblioteca | No. biblioteca | Número de clasificación | Código de barras/Número de adquisición | Número de copia | Tipo de material |
|---|---|---|---|---|---|
| LUIS G. INCLAN | LUIS G. INCLAN | 519.412 B116ma | 49571 | 1 | Libros |
| LUIS G. INCLAN | LUIS G. INCLAN | 519.412 B116ma | 49572 | 2 | Libros |
| LUIS G. INCLAN | LUIS G. INCLAN | 519.412 B116ma | 50228 | 3 | Libros |
| ÁREA DE ELECTROMECÁNICA | ÁREA DE ELECTROMECÁNICA | 519.412 B116ma | 50559 | 4 | Libros |
